00358pab a2200121 454500008004000000100001900040245009900059260000900158300001400167650001800181650001100199773002600210180718b2009 xxu||||| |||| 00| 0 eng d aTaylor, Marcus aWho works for globalisation? The challenges and possibilities for international labour studies c2009 ap.435-52. aGlobalization aLabour aThird World Quarterly